| 000 | 00474nam a2200157 4500 | ||
|---|---|---|---|
| 001 | 145382 | ||
| 003 | ES-MaACL | ||
| 005 | 20230906201223.0 | ||
| 007 | t| | ||
| 008 | 070214s1942 sp r ||||1| spa d | ||
| 100 | 1 |
_aSoroa y Pineda, José María de. _9107414 |
|
| 245 | 1 | 0 |
_aIndustrias lácteas / _cJosé Mª de Soroa y Pineda. |
| 260 |
_aMadrid : _bDossat, _c1942 ( _fGráf. Reunidas) |
||
| 300 |
_aVIII, 347 p. : _bil. ; _c23 cm. |
||
| 852 |
_aES-MaACL _jB-10302 _bR.21926 |
||
| 999 |
_c145382 _d145382 |
||